The Knowledge Creating Company / (Record no. 1859)

000 -LEADER
fixed length control field 00631nam a2200229 a 4500
007 - PHYSICAL DESCRIPTION FIXED FIELD--GENERAL INFORMATION
fixed length control field ta
008 - FIXED-LENGTH DATA ELEMENTS--GENERAL INFORMATION
fixed length control field 200121t2008 xxu||||g |||| 00| 0 eng d
020 ## - INTERNATIONAL STANDARD BOOK NUMBER
International Standard Book Number 9781422179741
Terms of availability Rs. 1250.00
040 ## - CATALOGING SOURCE
Original cataloging agency IMU Kochi Library
Language of cataloging eng
041 0# - LANGUAGE CODE
Language code of text/sound track or separate title eng
044 ## - COUNTRY OF PUBLISHING/PRODUCING ENTITY CODE
MARC country code United States
082 04 - DEWEY DECIMAL CLASSIFICATION NUMBER
Edition number 23
Classification number 658.4038
Item number N7307
100 1# - MAIN ENTRY--PERSONAL NAME
Personal name Nonaka, Ikjiro
245 10 - TITLE STATEMENT
Title The Knowledge Creating Company /
260 ## - PUBLICATION, DISTRIBUTION, ETC. (IMPRINT)
Place of publication, distribution, etc Boston :
Name of publisher, distributor, etc Harvard Business Press ,
Date of publication, distribution, etc 2008 .
300 ## - PHYSICAL DESCRIPTION
Extent v , 59 p. :
Dimensions 18 cm .
490 0# - SERIES STATEMENT
Series statement Harvard Business Review Classics ;
650 #0 - SUBJECT ADDED ENTRY--TOPICAL TERM
Topical term or geographic name as entry element Knowledge management
Form subdivision Handbooks, manuals, etc
852 ## - LOCATION/CALL NUMBER
Location IMU Kochi Library
904 ## - LOCAL DATA ELEMENT D, LDD (RLIN)
CATALOGER Reshma Rajesh
942 ## - ADDED ENTRY ELEMENTS (KOHA)
Item type Books
Holdings
Withdrawn status Lost status Source of classification or shelving scheme Damaged status Not for loan Collection code Permanent location Current location Shelving location Date acquired Source of acquisition Full call number Barcode Date last seen Koha item type Public note
          Management Studies IMU Kochi Library IMU Kochi Library Reference 2012-11-12 M/s Unique Book Store (Inv. No.2012/0314 Dt 2012-11-07) 658.4038 N7307 BK002109A 2020-01-21 Books Shelf-1, Row-4


Copyright © All Rights Reserved by Indian Maritime University, Kochi Campus.
For any Suggestions/Query Contact to library or Email: library.kochi@imu.ac.in Ph:(0484)-2989402
(Web OPAC Designed by Rudra Ranjan. Maintained by IMU Kochi Library)

Powered by Koha